| 000 | 00595nam a22001697a 4500 | ||
|---|---|---|---|
| 003 | OSt | ||
| 005 | 20201113114113.0 | ||
| 008 | 100312s 1989 dr a 000 0 spa d | ||
| 040 |
_aDO-SdBNP _bspa _cBNPHU |
||
| 245 | 0 | 0 |
_aManual de etiqueta social y normas protocolares / _ccompiladora Rebeca Galán de Vicioso ; prólogo Horacio Vicioso Soto |
| 260 |
_aSanto Domingo : _bCorripio, _c1989 |
||
| 300 |
_a132 p. : _bil. ; _c28 cm. |
||
| 590 | _aInventariado, 2020 /LP | ||
| 700 | 1 |
_aGalán Vicioso, Rebeca de _937414 _ecomp. |
|
| 700 | 1 |
_aVicioso Soto, Horacio, _epról. _923658 |
|
| 942 |
_2ddc _cLBS1 |
||
| 999 |
_c49129 _d49129 |
||